| 000 | 00634cam a2200217 4500 | ||
|---|---|---|---|
| 999 |
_c233645 _d233645 |
||
| 001 | 4632806 | ||
| 003 | Nust | ||
| 005 | 20170309142234.0 | ||
| 008 | 720323t19711943mau 000 1 eng | ||
| 010 | _a 78184732 | ||
| 020 | _a9781844084524 | ||
| 040 |
_aDLC _cDLC _dDLC |
||
| 050 | 0 | 0 |
_aPZ3.D8916 _bHu7 _aPR6007.U47 |
| 082 | 0 | 0 |
_a823.912 _bMAU |
| 100 | 1 |
_aDu Maurier, Daphne, _d1907-1989. |
|
| 245 | 1 | 0 | _aHungry hill. |
| 260 |
_aCambridge, Mass., _bR. Bentley, _c1943 |
||
| 300 |
_a516 p. _c22 cm. |
||
| 350 | _a$8.50 | ||
| 906 |
_a7 _bcbc _corignew _d2 _encip _f19 _gy-gencatlg |
||
| 942 |
_2ddc _cBK |
||